| 000 | 00543 a2200193 4500 | ||
|---|---|---|---|
| 020 | _a0130873047 | ||
| 040 |
_aDLC _bDLC |
||
| 082 | _a515 | ||
| 100 | 1 | _aGoldstein, Larry Joel. | |
| 245 | 1 | 0 |
_aCalculus and its applications _cLarry J. Goldstein, David C. Lay, David I. Schneider. |
| 250 | _a9th ed. | ||
| 260 |
_aUpper Saddle River, N.J. : _bPrentice Hall, _c2000. |
||
| 300 |
_a639 p. : _bill. |
||
| 500 | _aIncludes index. | ||
| 650 | 0 | _aCalculus. | |
| 700 | 1 | _aLay, David C. | |
| 700 | 1 | _aSchneider, David I. | |
| 942 |
_cBK _k515 GOL _2ddc |
||
| 999 |
_c7555 _d7555 |
||